00812nam a2200241Ia 4500003000900000008004100009020003000050020003100080022002200111022002300133040001600156100002200172245004700194260003800241300002000279490004300299650004300342650004400385650003700429650001200466700001900478856007300497IN-BaIIA211028s9999 xx s 000 0 eng d a978-1-4614-0148-3 (Print) a978-1-4614-0149-0 (Online) a0067-0057 (Print) a2214-7985 (Online) cIIA Library aAndersen, Torben  0aIntegrated Modeling of Telescopesh[eBook] aNew YorkbSpringer New Yorkc2011 aOnline resource aAstrophysics and Space Science Library a Astronomy, Astrophysics and Cosmology a Astronomy, Observations and Techniques a Astrophysics and Astroparticles aPhysics aEnmark, Anita  uhttp://doi.org/10.1007/978-1-4614-0149-0yClick Here to Access eBook